Taylor Swift The Eras Tour Setlist - Statistics

General Stats
  • This quiz has been taken 1,536 times
    847 since last reset
  • The average score is 35 of 43
Answer Stats
Set List % Correct
Lover
97%
Cruel Summer
96%
Fearless
93%
Miss Americana & The Heartbreak Prince
93%
The Man
92%
Love Story
91%
Enchanted
90%
You Belong With Me
90%
You Need To Calm Down
90%
22
89%
The Archer
88%
willow
87%
august
84%
Look What You Made Me Do
84%
champagne problems
83%
Karma
83%
We Are Never Ever Getting Back Together
83%
betty
82%
Delicate
82%
Long Live
82%
cardigan
81%
...Ready For It?
81%
Blank Space
80%
Don’t Blame Me
80%
I Knew You Were Trouble
80%
Shake It Off
80%
tolerate it
80%
Anti-Hero
79%
Lavender Haze
79%
marjorie
79%
Style
78%
Midnight Rain
77%
Bad Blood
76%
illicit affairs
74%
Wildest Dreams
74%
the last great american dynasty
73%
the one / invisible string
73%
Vigilante Shit
73%
Mastermind
72%
Bejeweled
71%
my tears ricochet
71%
'tis the damn season / no body, no crime
66%
All Too Well (10 Minute Version)
59%
No matching quizzes found
Score Distribution
Percent of People with Each Score
Percentile by Number Answered
Your Score History
You have not taken this quiz since the last reset